| 000 | 00418nam a22001697a 4500 | ||
|---|---|---|---|
| 003 | CEME | ||
| 005 | 20210628203723.0 | ||
| 008 | 210415b xxu||||| |||| 00| 0 eng d | ||
| 020 | _a0-08-026206-6 | ||
| 040 | _c. | ||
| 082 | _a662.2 URB'C | ||
| 100 |
_aUrbanski, Tadeusz _925970 |
||
| 245 | _aChemistry and technology of explosives | ||
| 260 |
_aOXFORD _bPERGAMON _c1985 |
||
| 300 | _aXXIII,678P | ||
| 942 |
_cBK _2ddc |
||
| 999 |
_c574872 _d574872 |
||